Sustainable construction processes : (Record no. 599233)
[ view plain ]
| 000 -LEADER | |
|---|---|
| fixed length control field | 00331nam a2200121Ia 4500 |
| 008 - FIXED-LENGTH DATA ELEMENTS--GENERAL INFORMATION | |
| fixed length control field | 230907s9999||||xx |||||||||||||| ||und|| |
| 082 ## - DEWEY DECIMAL CLASSIFICATION NUMBER | |
| Classification number | 690.0684 |
| Author Mark | GOO |
| 100 ## - MAIN ENTRY--PERSONAL NAME | |
| Personal name | Goodhew, Steve, |
| 9 (RLIN) | 115720 |
| 245 #0 - TITLE STATEMENT | |
| Title | Sustainable construction processes : |
| 300 ## - PHYSICAL DESCRIPTION | |
| Extent | vii, 342 pages : |
| 650 ## - SUBJECT ADDED ENTRY--TOPICAL TERM | |
| Topical term or geographic name entry element | Textbooks. Textbooks. |
| 9 (RLIN) | 115440 |
| 942 ## - ADDED ENTRY ELEMENTS (KOHA) | |
| Koha item type | Book |
| Withdrawn status | Lost status | Damaged status | Not for loan | Permanent Location | Current Location | Date acquired | Total Checkouts | Full call number | Barcode | Date last seen | Price effective from | Koha item type |
|---|---|---|---|---|---|---|---|---|---|---|---|---|
| US-Pakistan Center for Advanced Studies in Energy (USPCAS-E) | US-Pakistan Center for Advanced Studies in Energy (USPCAS-E) | 08/21/2019 | 690.0684 GOO | CAS-E0003332 | 09/12/2023 | 09/12/2023 | Book |
